<?xml version="1.0" encoding="UTF-8"?><?xml-stylesheet type="text/xsl" href="static/style.xsl"?><OAI-PMH xmlns="http://www.openarchives.org/OAI/2.0/" xmlns:xsi="http://www.w3.org/2001/XMLSchema-instance" xsi:schemaLocation="http://www.openarchives.org/OAI/2.0/ http://www.openarchives.org/OAI/2.0/OAI-PMH.xsd"><responseDate>2026-04-13T05:05:11Z</responseDate><request verb="GetRecord" identifier="oai:www.recercat.cat:20.500.12327/964" metadataPrefix="marc">https://recercat.cat/oai/request</request><GetRecord><record><header><identifier>oai:recercat.cat:20.500.12327/964</identifier><datestamp>2025-10-22T11:11:59Z</datestamp><setSpec>com_2072_4428</setSpec><setSpec>com_2072_4427</setSpec><setSpec>col_2072_487898</setSpec></header><metadata><record xmlns="http://www.loc.gov/MARC21/slim" xmlns:dcterms="http://purl.org/dc/terms/" xmlns:xsi="http://www.w3.org/2001/XMLSchema-instance" xmlns:doc="http://www.lyncode.com/xoai" xsi:schemaLocation="http://www.loc.gov/MARC21/slim http://www.loc.gov/standards/marcxml/schema/MARC21slim.xsd">
   <leader>00925njm 22002777a 4500</leader>
   <datafield ind2=" " ind1=" " tag="042">
      <subfield code="a">dc</subfield>
   </datafield>
   <datafield ind2=" " ind1=" " tag="720">
      <subfield code="a">Birnberg, Lotty</subfield>
      <subfield code="e">author</subfield>
   </datafield>
   <datafield ind2=" " ind1=" " tag="720">
      <subfield code="a">Aranda, Carles</subfield>
      <subfield code="e">author</subfield>
   </datafield>
   <datafield ind2=" " ind1=" " tag="720">
      <subfield code="a">Talavera, Sandra</subfield>
      <subfield code="e">author</subfield>
   </datafield>
   <datafield ind2=" " ind1=" " tag="720">
      <subfield code="a">Núñez, Ana I.</subfield>
      <subfield code="e">author</subfield>
   </datafield>
   <datafield ind2=" " ind1=" " tag="720">
      <subfield code="a">Escosa, Raúl</subfield>
      <subfield code="e">author</subfield>
   </datafield>
   <datafield ind2=" " ind1=" " tag="720">
      <subfield code="a">Busquets, Núria</subfield>
      <subfield code="e">author</subfield>
   </datafield>
   <datafield ind2=" " ind1=" " tag="260">
      <subfield code="c">2020-08-03</subfield>
   </datafield>
   <datafield ind2=" " ind1=" " tag="520">
      <subfield code="a">Background: Historically, Anopheles atroparvus has been considered one of the most important malaria vectors in&#xd;
Europe. Since malaria was eradicated from the European continent, the interest in studying its vectors reduced signifcantly. Currently, to better assess the potential risk of malaria resurgence on the continent, there is a growing need to&#xd;
update the data on susceptibility of indigenous Anopheles populations to imported Plasmodium species. In order to&#xd;
do this, as a frst step, an adequate laboratory colony of An. atroparvus is needed.&#xd;
Methods: Anopheles atroparvus mosquitoes were captured in rice felds from the Ebro Delta (Spain). Field-caught&#xd;
specimens were maintained in the laboratory under simulated feld-summer conditions. Adult females were artifcially&#xd;
blood-fed on fresh whole rabbit blood for oviposition. First- to fourth-instar larvae were fed on pulverized fsh and&#xd;
turtle food. Adults were maintained with a 10% sucrose solution ad libitum.&#xd;
Results: An An. atroparvus population from the Ebro Delta was successfully established in the laboratory. During the&#xd;
colonization process, feeding and hatching rates increased, while a reduction in larval mortality rate was observed.&#xd;
Conclusions: The present study provides a detailed rearing and maintenance protocol for An. atroparvus and a publicly available reference mosquito strain within the INFRAVEC2 project for further research studies involving vectorparasite interactions.&#xd;
Keywords: Anopheles atroparvus, Colonization, Malaria, Europe</subfield>
   </datafield>
   <datafield ind1="8" ind2=" " tag="024">
      <subfield code="a">Birnberg, Lotty, Carles Aranda, Sandra Talavera, Ana I. Núñez, Raúl Escosa, and Núria Busquets. 2020. "Laboratory Colonization And Maintenance Of Anopheles Atroparvus From The Ebro Delta, Spain". Parasites &amp; Vectors 13 (1). doi:10.1186/s13071-020-04268-y.</subfield>
   </datafield>
   <datafield ind1="8" ind2=" " tag="024">
      <subfield code="a">1756-3305</subfield>
   </datafield>
   <datafield ind1="8" ind2=" " tag="024">
      <subfield code="a">http://hdl.handle.net/20.500.12327/964</subfield>
   </datafield>
   <datafield ind1="8" ind2=" " tag="024">
      <subfield code="a">https://doi.org/10.1186/s13071-020-04268-y</subfield>
   </datafield>
   <datafield ind2="0" ind1="0" tag="245">
      <subfield code="a">Laboratory colonization and maintenance of Anopheles atroparvus from the Ebro Delta, Spain</subfield>
   </datafield>
</record></metadata></record></GetRecord></OAI-PMH>